Central Library and Information Centre
Sibsagar Girls' College, Sivasagar : Assam

THE GREAT GATSBY (Record no. 11291)

MARC details
000 -LEADER
fixed length control field 00459cam a2200193ua 4500
008 - FIXED-LENGTH DATA ELEMENTS--GENERAL INFORMATION
fixed length control field 160327n II |||gr||||Z||||||eng
040 ## - CATALOGING SOURCE
Original cataloging agency MAIN
041 ## - LANGUAGE CODE
-- English
082 ## - DEWEY DECIMAL CLASSIFICATION NUMBER
Classification number 823 FIT
100 ## - MAIN ENTRY--PERSONAL NAME
Personal name FITZGERALD,F.SCOTT.
245 ## - TITLE STATEMENT
Title THE GREAT GATSBY
250 ## - EDITION STATEMENT
Edition statement 2002.
260 ## - PUBLICATION, DISTRIBUTION, ETC.
Place of publication, distribution, etc. NEW DELHI:
Name of publisher, distributor, etc. PEACOCK BOOKS,
Date of publication, distribution, etc. 2002.
300 ## - PHYSICAL DESCRIPTION
Extent 187:
Dimensions 18CM.
700 ## - ADDED ENTRY--PERSONAL NAME
Personal name FITZGERALD,F.SCOTT.,
Relator term AUTHOR.
942 ## - ADDED ENTRY ELEMENTS (KOHA)
Koha item type Books
653 ## - INDEX TERM--UNCONTROLLED
Uncontrolled term English fiction
Holdings
Withdrawn status Lost status Damaged status Not for loan Collection code Home library Current library Shelving location Date acquired Full call number Barcode Date last seen Copy number Price effective from Koha item type Public note
        TBENG Central Library and Information Centre Sibsagar Girls College Central Library and Information Centre Sibsagar Girls College ENGLISH BOOK RACK 18.03.1987 823 FIT 09625 27.02.2020 1 27.02.2020 Books V


Sibsagar Girl's College © 2020. All rights reserved.
Powered by Koha.
Maintained by Abhijit Borpuzari.